Missing Word: TV Theme Songs II Quiz Stats

Quiz Updated Mar 2, 2015

Challenge
Share
Tweet
Embed
Score 0/14 Timer 03:00
0 Plays Today
Song/Show Missing Word % Correct
I'll Be _____ For You
◊Friends◊
There
98.6%
Today Is Gonna Be a Great _____
◊Phineas and Ferb◊
Day
93.5%
Where _____ Knows Your Name
◊Cheers◊
Everybody
90.3%
Come and _____ on Our Door
◊Three's Company◊
Knock
87.7%
Thank You for Being a _____
◊Golden Girls◊
Friend
84.9%
The Ballad of _____ Clampett
◊The Beverly Hillbillies◊
Jed
65.8%
The Nanny Named _____
◊The Nanny◊
Fran
61.4%
Song/Show Missing Word % Correct
_____ Up This Morning
◊The Sopranos◊
Woke
57.5%
Won't Get _____ Again
◊CSI: Miami◊
Fooled
53.2%
_____ Salads and Scrambled Eggs
◊Frasier◊
Tossed
49.7%
Suicide is _____
◊M*A*S*H◊
Painless
47.2%
_____ It All to Me
◊iCarly◊
Leave
33.9%
I _____, You _____
◊Psych◊
Know
27.5%
Where You _____
◊Gilmore Girls◊
Lead
14.9%

Today's Daily Dose

You're not logged in!

Compare scores with friends on all Sporcle quizzes.
Sign Up with Email
OR
Log In

You Might Also Like...

Show Comments

Extras

Top Quizzes Today


Score Distribution

Your Account Isn't Verified!

In order to create a playlist on Sporcle, you need to verify the email address you used during registration. Go to your Sporcle Settings to finish the process.